French Pastries by Description - Statistics

General Stats
  • This quiz has been taken 25 times
  • The average score is 7 of 15
Answer Stats
Hint Answer % Correct
Crescent-shaped, made from layered, butter-laminated dough Croissant
90%
Oblong pastry with a cream filling, topped with chocolate glaze Eclair
85%
Rectangular-shaped, made from butter-laminated dough with two sticks of dark chocolate baked inside Pain au chocolat
85%
Almond-flour-based meringue cookie composed of two rounds with a creamy filling Macaron
80%
Layers of puff pastry alternating with custard cream Mille-feuille
65%
Choux pastry filled with cream, such as whipped cream or custard Cream puff
45%
Shell-shaped light sponge cakes with a hump on top Madeleine
40%
Spiral-shaped, made from butter-laminated dough with a filling of custard cream and raisins Pain aux raisins
40%
Choux pastry puff topped with crunchy pearl sugar Chouquette
35%
Choux pastry with praline flavored cream, covered with flaked almonds Paris-Brest
30%
Cream-filled choux pastry dipped in caramelized sugar on a puff pastry base, topped with whipped cream St. Honoré
30%
Crescent-shaped, made from butter-laminated dough filled with almond cream, topped with almonds Almond croissant
25%
Buttery, crisp, and tender pastry crust filled with a creamy, smooth, and bright lemon curd Lemon tart
25%
Two spherical choux buns of different sizes filled with pastry cream, covered with chocolate ganache Religieuse
20%
Whipped cream and meringue topped with vermicelli-like chestnut strands Mont-Blanc
15%
No matching quizzes found
Score Distribution
Percent of People with Each Score
Percentile by Number Answered
Your Score History
You have not taken this quiz